| 000 -LEADER |
| fixed length control field |
00701pam a2200241 a 4500 |
| 001 - CONTROL NUMBER |
| control field |
015990470 |
| 003 - CONTROL NUMBER IDENTIFIER |
| control field |
UkOxU |
| 005 - DATE AND TIME OF LATEST TRANSACTION |
| control field |
20230116095611.0 |
| 008 - FIXED-LENGTH DATA ELEMENTS--GENERAL INFORMATION |
| fixed length control field |
020923r20021989enka j 000 1 eng d |
| 015 ## - NATIONAL BIBLIOGRAPHY NUMBER |
| National bibliography number |
GB A2-62647 |
| 020 ## - INTERNATIONAL STANDARD BOOK NUMBER |
| International Standard Book Number |
9781842701706 |
| 035 ## - SYSTEM CONTROL NUMBER |
| System control number |
BNB2710.2951 |
| 040 ## - CATALOGING SOURCE |
| Original cataloging agency |
DB/U-1 |
| Transcribing agency |
. |
| Modifying agency |
KH8 |
| 082 0# - DEWEY DECIMAL CLASSIFICATION NUMBER |
| Classification number |
823.914 WIL |
| Edition number |
21 |
| 100 1# - MAIN ENTRY--PERSONAL NAME |
| Personal name |
Willis, Jeanne. |
| Relator term |
author |
| 245 10 - TITLE STATEMENT |
| Title |
Dr Xargle's book of earth hounds / |
| Statement of responsibility, etc. |
translated into Human by Jeanne Willis ; pictures by Tony Ross. |
| 260 ## - PUBLICATION, DISTRIBUTION, ETC. |
| Place of publication, distribution, etc. |
London : |
| Name of publisher, distributor, etc. |
Andersen, |
| Date of publication, distribution, etc. |
2002. |
| 300 ## - PHYSICAL DESCRIPTION |
| Extent |
[32] p. : |
| Other physical details |
col. ill. ; |
| Dimensions |
23 cm. |
| 500 ## - GENERAL NOTE |
| General note |
Originally published: 1989. |
| 650 ## - SUBJECT ADDED ENTRY--TOPICAL TERM |
| Topical term or geographic name entry element |
Chiens |
| 700 1# - ADDED ENTRY--PERSONAL NAME |
| Personal name |
Ross, Tony. |
| Relator term |
author |
| 942 ## - ADDED ENTRY ELEMENTS (KOHA) |
| Source of classification or shelving scheme |
|
| Koha item type |
Books - Non Ficton |